[Event "World ol U16 12th"]
[Site "Chongqing"]
[Date "2013.07.27"]
[Round "8"]
[White "Dongkai, Wang"]
[Black "Gu, Shirley"]
[Result "1-0"]
[WhiteElo "1868"]
[BlackElo "1687"]
[PlyCount "109"]
[EventDate "2013.07.22"]
[EventType "team-swiss"]
[EventRounds "10"]
[EventCountry "CHN"]
[SourceTitle "EXT 2016"]
[Source "ChessBase"]
[SourceDate "2015.10.08"]
[SourceVersion "1"]
[SourceVersionDate "2015.10.08"]
[SourceQuality "1"]
[WhiteTeam "QDZY Middle School (U16)"]
[BlackTeam "Australia (U16) II"]
[WhiteTeamCountry "CHN"]
[BlackTeamCountry "AUS"]

1. d4 d5 2. c4 c6 3. e3 Nf6 4. Nc3 g6 5. Nf3 Bg7 6. Bd3 Bg4 7. h3 Bxf3 8. Qxf3 0-0 9. 0-0 e6 10. Rb1 Nbd7 11. Qe2 Rc8 12. c5 e5 13. Bc2 Re8 14. Qd3 b6 15. b4 a5 16. a3 Rb8 17. Ne2 bxc5 18. dxc5 e4 19. Qd1 Ne5 20. Nd4 Nfd7 21. Re1 Qc7 22. Re2 Nf8 23. f4 exf3 24. gxf3 Ne6 25. Nxe6 Rxe6 26. f4 Nd7 27. Qe1 f5 28. Bd2 axb4 29. axb4 Ree8 30. Bd3 Rec8 31. Bc3 Nf8 32. Bxg7 Qxg7 33. Rc2 Ne6 34. Qd2 Qe7 35. Qc3 Qd7 36. Rg2 Kf7 37. Ra2 d4 38. Qb3 Kf8 39. Bc4 Nxc5 40. Qc2 Ne4 41. Rd1 Qe7 42. Rxd4 Rxb4 43. Ra1 Qh4 44. Qg2 c5 45. Rd7 Rxc4 46. Raa7 Nf6 47. Rg7 Re4 48. Raf7+ Ke8 49. Ra7 Re6 50. Kh2 Kf8 51. Raf7+ Ke8 52. Ra7 Re4 53. Qd2 Ng4+ 54. Kg2 Nf6 55. Rg8+ 1-0